000 00933nam a22002777a 4500
001 9919
003 FISKH
005 20260317085951.0
008 260317b cb ||||| |||| 00| 0 eng d
020 _a9781858546100
040 _aFISKH
_beng
_cFISKH
_dFISKH
050 _aPZ7
082 _a398.8
100 _aDavies, Caroline
_eAuthor
245 _aHumpty Dumpty :
_bBaby first nursery rhymes /
260 _aGreat Britain :
_bAutumn Publishing Group ,
_c2003
300 _a10 unnumbered pages :
_bcolor illustrations ;
_c16 cm
505 _aE
520 _aFavorite nursery rhymes are delightfully illustrated in charming, small board books. Children and parents alike will love to say the traditional rhymes aloud.
521 8 _a200
_bLexile estimate
521 8 _aE
_bRaz-Plus
650 _aJuvenile picture book
_vNursery rhymes
650 _aBoard book
_vRhyming text
942 _2ddc
_cBK
_n0
999 _c9919
_d9919